NLSUI OPAC header image

Indian national congress : Its struggle, sacrifies and success/ (Record no. 39493)

MARC details
000 -LEADER
fixed length control field 01689nam a2200241Ia 4500
003 - CONTROL NUMBER IDENTIFIER
control field OSt
005 - DATE AND TIME OF LATEST TRANSACTION
control field 20260522151719.0
008 - FIXED-LENGTH DATA ELEMENTS--GENERAL INFORMATION
fixed length control field 160316s2014 xxu||||| |||| 00| 0 eng d
020 ## - INTERNATIONAL STANDARD BOOK NUMBER
International Standard Book Number 9789383652679 (hbk.)
040 ## - CATALOGING SOURCE
Transcribing agency nls
082 ## - DEWEY DECIMAL CLASSIFICATION NUMBER
Classification number 324.254 CHA
100 ## - MAIN ENTRY--PERSONAL NAME
Personal name Chakrapani A
245 ## - TITLE STATEMENT
Title Indian national congress : Its struggle, sacrifies and success/
Statement of responsibility, etc. A Chakrapani
260 ## - PUBLICATION, DISTRIBUTION, ETC.
Place of publication, distribution, etc. Hyderabad :
Name of publisher, distributor, etc. EMESO,
Date of publication, distribution, etc. 2014,
300 ## - PHYSICAL DESCRIPTION
Extent iv, 698p
Other physical details illu,
Dimensions 24 cm
365 ## - TRADE PRICE
Price amount Rs. 500
505 ## - Contents
Contents <br/><br/><br/><br/><br/><br/><br/><br/><br/><br/><br/><br/>1. Indian National Congress - Historical Perspective;<br/><br/>2. Progress of Indian National Congress - Entry of Gandhiji;<br/><br/>3. Significance of the National Flag and Our National Stalwarts;<br/><br/>4. Social Justice Role of Congress;<br/><br/>5. India's Martyrs in Freedom Struggle and Stalwarts in National Congress;<br/><br/>6. Congress Contribution for Development of India;<br/><br/>7. Indira Gandhi - The Greatest Power of 20th Century;<br/><br/>8. Call For Free India;<br/><br/>9. Indian Nationalism & The Birth of Congress;<br/><br/>10. Motilal Nehru: A Tribute;<br/><br/>11. The Nehru Era;<br/><br/>12. Shri Rajiv Gandhi -Transformed the Nation with Non-Violent Revolution;<br/><br/>13. Glimpses of The History of The Indian National Congress -By Bhogaraju Pattabhi Sitaramayya;<br/><br/>14. Churchill and Nehru - Their Outlook on Contemporary Issue;<br/><br/>15. A few Congress Presidential Speeches;<br/>16. Golden Era of Congress under The Regime of Rajiv and Sonia Gandhi;<br/><br/>17. Future of Congress;<br/><br/>18. Philosophy of Sonia Gandhi.<br/><br/><br/><br/><br/><br/><br/><br/>
650 ## - SUBJECT ADDED ENTRY--TOPICAL TERM
Topical term or geographic name entry element Indian National Congress - History.
650 ## - SUBJECT ADDED ENTRY--TOPICAL TERM
Topical term or geographic name entry element Politics & Government - India
650 ## - SUBJECT ADDED ENTRY--TOPICAL TERM
Topical term or geographic name entry element Politics & government - 20th century
700 ## - ADDED ENTRY--PERSONAL NAME
Personal name
--
942 ## - ADDED ENTRY ELEMENTS (KOHA)
Source of classification or shelving scheme Dewey Decimal Classification
Koha item type BOOKs
Holdings
Withdrawn status Lost status Source of classification or shelving scheme Damaged status Not for loan Home library Current library Shelving location Date acquired Cost, normal purchase price Total Checkouts Full call number Barcode Date last seen Price effective from Koha item type
    Dewey Decimal Classification     NLS NLS General Stacks 30/05/2017 500.00   324.254 CHA 33423 30/05/2017 30/05/2017 BOOKs